A developmental index using the Wechsler Intelligence Scale for Children : implications for the diagnosis and nature of ADHD (Record no. 65933)
[ view plain ]
| 000 -CABECERA | |
|---|---|
| campo de control de longitud fija | 00769nam a2200241 a 4500 |
| 005 - FECHA Y HORA DE LA ÚLTIMA TRANSACCIÓN | |
| campo de control | 20210219153011.0 |
| 008 - ELEMENTOS DE LONGITUD FIJA--INFORMACIÓN GENERAL | |
| campo de control de longitud fija | 991125n 000 0 u |
| 035 ## - NÚMERO DE CONTROL DEL SISTEMA | |
| Número de control de sistema | UPN01000072469 |
| 100 ## - ASIENTO PRINCIPAL--NOMBRE PERSONAL | |
| Nombre de persona | Bowers, Thomas G. |
| 222 ## - TÍTULO CLAVE | |
| Título clave | JOURNAL OF LEARNING DISABILITIES |
| 245 ## - MENCIÓN DE TÍTULO | |
| Título | A developmental index using the Wechsler Intelligence Scale for Children : implications for the diagnosis and nature of ADHD |
| 300 ## - DESCRIPCIÓN FÍSICA | |
| Extensión | 179-185, 195 |
| 362 ## - FECHAS DE PUBLICACIÓN Y/O DESIGNACIÓN SECUENCIAL | |
| Fecha de publicación y/o designación secuencial | 25, No. 3, 1992 |
| 505 ## - NOTA DE CONTENIDO CON FORMATO PREESTABLECIDO | |
| Nota de contenido con formato | Septiembre 1992 |
| 653 0# - TERMINO DE INDIZACION - NO CONTROLADO | |
| Término no controlado | HIPERACTIVIDAD |
| 653 0# - TERMINO DE INDIZACION - NO CONTROLADO | |
| Término no controlado | INDICADORES EDUCATIVOS |
| 653 0# - TERMINO DE INDIZACION - NO CONTROLADO | |
| Término no controlado | INTELIGENCIA - |
| -- | PRUEBAS |
| 653 0# - TERMINO DE INDIZACION - NO CONTROLADO | |
| Término no controlado | TRASTORNOS DEFICIENTES DE LA ATENCION |
| 700 ## - ASIENTO SECUNDARIO--NOMBRE DE PERSONAL | |
| Nombre de persona | Risser, Marcia G. |
| 700 ## - ASIENTO SECUNDARIO--NOMBRE DE PERSONAL | |
| Nombre de persona | Suchanec, John F. |
| 904 ## - ELEMENTOS DE DATOS D LOCAL, LDD (RLIN) | |
| a | AC |
| b | 010280 |
| 905 ## - TIPO DE MATERIAL | |
| Tipo de material | Articulo |
No items available.
